00488nam a2200181Ia 450000500170000000800410001702000140005804000190007204100120009108200130010310000180011624500590013426000360019330000120022950400310024170000240027285000100029620230130095223.0131103s9999 xx 000 0 und d a714501689 aLoreto College aEnglish a833bBOL aBoll,Heinrich 4aThe clowncHeinrich Boll;translated by Leila Vennewitz aLondonbCalder and Boyarsc1972 a247 p.  aTranslated from the german aVennewitz,Leila,tr. aLCLIB